Let's explore : The sun

Bibliographic Details
Main Author: Orme, Helen
Format: Book
Published: Great Britain : Ticktock Entertainment , 2007
Series:Blast Off!
Subjects:

MARC

LEADER 00000cam a2200000 7i4500
001 0000069217
005 20170115.0
008 170115
020 |a 9781846960482 
090 0 0 |a SC   |b ENG 
100 1 |a Orme, Helen 
245 1 0 |a Let's explore :   |b The sun   |c Helen and David Orme 
260 |a Great Britain :   |b Ticktock Entertainment ,   |c 2007 
300 |a 23pg. :   |b Col. ill. ;   |c 28cm. 
490 1 |a Blast Off! 
500 |a Children ages 7-9 years old (orange) 
650 0 |a Science   |x Juvenile literature 
999 |a 0001076886   |b Book   |c Children Collection   |e Cawangan Segamat